000 01394nam a2200349 c 4500
003 BLK
005 20240214110115.0
008 180409b bul|||||r ||||||| ||bul||
010 _aKNG00143188000
020 _a978-954-27-0815-5
_bиздат.: Егмонт България
040 _aBLK
041 _aBUL
_cBUL
072 7 _2bullib
_aН83
_xЧужда художествена литература Н
080 _aАмериканска литература (на САЩ)
_b821.111(73)
_x-31
_z821.111(73)-31
100 1 _aРейбърн, Триша
_eпърви автор
_9323576
700 1 _aЯнева, Анелия
_eпрев.
_9365790
139 _aРейбърн, Триша
_bР 48
245 1 0 _aЧерни води
_bРоман
_cТриша Рейбърн; прев. Анелия Янева.
257 _aUSA
260 София
_bЕгмонт България
_c2012
_fХасково : Полиграфюг
300 _a360 с.
_c21см
380 _aX
500 _aОриг. загл. Dark Water : A Siren Novel / Tricia Rayburn. Кн. 3 от трилогията Сирена
653 _aромани
659 _aН
852 _aЦб 259545
856 4 _qpdf
_u
856 4 _qpdf
_u
942 _cKNG
_n0
_011
944 _aCR
_c28.05.2013
_lЦветомила Тодорова
_k30576
944 _aED
_c27.03.2017
_lф /
_kЛюдмила_Стоянова
999 _c137222
_d137222